Analisis semantik terhadap ayat-ayat jender /
Saved in:
| Main Author: | |
|---|---|
| Format: | Thesis |
| Language: | Indonesian |
| Published: |
Jakarta :
Universitas Islam Negeri Syarif Hidayatullah,
2007
|
| Subjects: | |
| Tags: |
Add Tag
No Tags, Be the first to tag this record!
|
| LEADER | 012990000a22003010004500 | ||
|---|---|---|---|
| 008 | 140923s2007 io f 000 0 ind d | ||
| 040 | |a UIAM |b eng | ||
| 041 | |a ind | ||
| 050 | 0 | |a BP131.3.G4 | |
| 100 | 1 | |a Delami |9 83504 | |
| 245 | 1 | 0 | |a Analisis semantik terhadap ayat-ayat jender / |c oleh Delami |
| 260 | |a Jakarta : |b Universitas Islam Negeri Syarif Hidayatullah, |c 2007 | ||
| 300 | |a xi, [178] leaves ; |c 30 cm. | ||
| 336 | |2 rdacontent | ||
| 337 | |2 rdamedia | ||
| 338 | |2 rdacarrier | ||
| 500 | |a "Tesis diajukan untuk memenuhi salah satu syarat memperoleh gelar Magister dalam konsentrasi Bahasa dan Sastra Arab UIN Syarif Hidayatullah, Jakarta". | ||
| 502 | |a Thesis (M.A.)--Universitas Islam Negeri Syarif Hidayatullah, 2007. | ||
| 504 | |a Includes bibliographical references (leaves [173-178]). | ||
| 630 | 0 | 0 | |a Qur'an |x Language, style |9 1724 |
| 650 | 0 | |a Arabic language |x Gender |9 83505 | |
| 650 | 0 | |a Sexism in language |9 5961 | |
| 655 | |a Theses, Facsimile edition (Islamic) | ||
| 710 | 2 | |a Universitas Islam Negeri Syarif Hidayatullah Jakarta |9 38559 | |
| 900 | |a nan-arf-rmd-sar | ||
| 942 | |2 lcc |n 0 | ||
| 999 | |c 433102 |d 465182 | ||
| 952 | |0 0 |6 TI BP 000131.3 G4 D336A 2007 |7 0 |8 THESES |9 757721 |a IIUM |b IIUM |c MULTIMEDIA |g 229.50 |o ti BP 131.3 G4 D336A 2007 |p 00011271485 |r 2017-10-23 |t 1 |v 229.50 |y THESIS | ||
